000 00335nam a2200133Ia 4500
008 151001s9999||||xx |||||||||||||| ||und||
100 _aना सी फडके
245 _aअटकेपार
250 _a5
260 _bअंजली प्रकाशन पुणे
260 _c1957
300 _a338
365 _b7
999 _c952987
_d952984